La gerencia: tareas, responsabilidades y prácticas
Kaydedildi:
| Yazar: | |
|---|---|
| Materyal Türü: | Kitap |
| Dil: | İspanyolca |
| Baskı/Yayın Bilgisi: |
Buenos Aires
El Ateneo
1990
|
| Edisyon: | 6a. ed |
| Seri Bilgileri: | Biblioteca de ciencias económicas. Serie: Administración y dirección, 219
|
| Konular: | |
| Etiketler: |
Etiketle
Etiket eklenmemiş, İlk siz ekleyin!
|
MARC
| LEADER | 00000nam a2200000 a 4500 | ||
|---|---|---|---|
| 001 | UCX3194 | ||
| 003 | CL-VaPUC | ||
| 005 | 20241121161943.0 | ||
| 008 | 911010e19900000AG |||||||||||||||||spa|d | ||
| 999 | |c 224003 |d 224001 | ||
| 040 | |c Pontificia Universidad Católica de Valparaíso | ||
| 082 | 0 | 4 | |a 658.4 |b DRU |2 21 |
| 100 | 0 | |a Drucker, Peter Ferdinand |e author |9 319278 | |
| 245 | 1 | 3 | |a La gerencia: tareas, responsabilidades y prácticas |
| 250 | |a 6a. ed | ||
| 260 | |a Buenos Aires |b El Ateneo |c 1990 | ||
| 300 | |a 549 p | ||
| 490 | 0 | |a Biblioteca de ciencias económicas. Serie: Administración y dirección, 219 | |
| 583 | |a last modification |c 19911010 00:00:00 |k Rodrigo Vera | ||
| 650 | 0 | |a Gestión de empresas |9 433832 | |
| 650 | 0 | |a Planificación estratégica |9 259735 | |
| 650 | 0 | |a Trabajo |9 893935 |x Productividad | |
| 650 | 0 | |a Dirección de empresas |9 395192 | |
| 650 | 0 | |a Multinacionales |9 256382 | |
| 942 | |c BK |2 ddc | ||
| 945 | |d 19911010 00:00:00 | ||
| 952 | |0 0 |1 0 |4 0 |6 658_400000000000000_DRU_1990 |7 0 |8 R |9 220329 |a BIBENE |b BIBENE |d 2019-11-15 |i 2890682 |l 1 |o 658.4 DRU 1990 |p 2890682 |r 2024-01-16 |s 2023-08-07 |w 2019-11-15 |y BK_R |k ICO | ||
| 952 | |0 0 |1 0 |4 0 |6 658_400000000000000_DRU_1990 |7 0 |8 R |9 220330 |a BIBENE |b BIBENE |d 2019-11-15 |i 2890690 |o 658.4 DRU 1990 |p 2890690 |r 2024-01-16 |w 2019-11-15 |y BK_R |k ICO | ||
| 952 | |0 0 |1 0 |4 0 |6 658_400000000000000_DRU_1990 |7 0 |8 R |9 220331 |a BIBENE |b BIBENE |d 2019-11-15 |i 1946684 |o 658.4 DRU 1990 |p 1946684 |r 2025-01-15 |w 2019-11-15 |y BK_R |k ICO | ||